[Event "Team Championship (men rapid)"]
[Site "Sochi"]
[Date "2017.10.03"]
[Round "1.19"]
[White "Pridorozhni, Aleksei"]
[Black "Rozhko, Dmitry"]
[Result "1-0"]
[LiveChessVersion "1.4.8"]
[BlackElo "2250"]
[WhiteElo "2653"]

1. e4 {[%clk 0:15:18]} e6 {[%clk 0:15:18]} 2. d4 {[%clk 0:15:26]} d5
{[%clk 0:15:26]} 3. Nc3 {[%clk 0:15:34]} dxe4 {[%clk 0:15:34]} 4. Nxe4
{[%clk 0:15:42]} Bd7 {[%clk 0:15:43]} 5. Nf3 {[%clk 0:15:50]} Bc6
{[%clk 0:15:52]} 6. Bd3 {[%clk 0:15:56]} Nd7 {[%clk 0:16:01]} 7. Qe2
{[%clk 0:16:03]} Ngf6 {[%clk 0:16:09]} 8. Ned2 {[%clk 0:15:19]} Be7
{[%clk 0:16:08]} 9. O-O {[%clk 0:15:25]} O-O {[%clk 0:16:14]} 10. Nc4
{[%clk 0:15:22]} b6 {[%clk 0:15:40]} 11. Nce5 {[%clk 0:15:16]} Bb7
{[%clk 0:15:34]} 12. Rd1 {[%clk 0:14:06]} Qc8 {[%clk 0:13:21]} 13. Bg5
{[%clk 0:14:09]} Nxe5 {[%clk 0:11:41]} 14. dxe5 {[%clk 0:13:10]} Nd5
{[%clk 0:11:42]} 15. Qe4 {[%clk 0:13:15]} f5 {[%clk 0:10:54]} 16. exf6
{[%clk 0:13:01]} Nxf6 {[%clk 0:11:01]} 17. Qe2 {[%clk 0:13:02]} Bc5
{[%clk 0:08:17]} 18. Rf1 {[%clk 0:09:10]} Qe8 {[%clk 0:04:08]} 19. Bxf6
{[%clk 0:06:49]} Rxf6 {[%clk 0:04:06]} 20. Ng5 {[%clk 0:06:41]} h6
{[%clk 0:02:53]} 21. Ne4 {[%clk 0:04:48]} Bxe4 {[%clk 0:02:50]} 22. Qxe4
{[%clk 0:04:56]} Rd8 {[%clk 0:02:16]} 23. b4 {[%clk 0:05:03]} Bd6
{[%clk 0:02:00]} 24. a3 {[%clk 0:04:38]} Qh5 {[%clk 0:01:56]} 25. g3
{[%clk 0:04:43]} Rdf8 {[%clk 0:01:54]} 26. Rae1 {[%clk 0:04:13]} a5
{[%clk 0:01:31]} 27. c3 {[%clk 0:04:00]} axb4 {[%clk 0:01:36]} 28. axb4
{[%clk 0:04:09]} Qf5 {[%clk 0:00:56]} 29. Bc4 {[%clk 0:04:14]} Qxe4
{[%clk 0:01:01]} 30. Rxe4 {[%clk 0:04:23]} g6 {[%clk 0:00:40]} 31. Bxe6+
{[%clk 0:04:24]} Kg7 {[%clk 0:00:49]} 32. f4 {[%clk 0:04:08]} Re8
{[%clk 0:00:55]} 33. Rfe1 {[%clk 0:04:11]} c5 {[%clk 0:00:49]} 34. b5
{[%clk 0:04:16]} Bc7 {[%clk 0:00:42]} 35. Kg2 {[%clk 0:04:11]} Bd6
{[%clk 0:00:37]} 36. c4 {[%clk 0:03:54]} Bf8 {[%clk 0:00:40]} 37. Bd5
{[%clk 0:03:58]} Rxe4 {[%clk 0:00:47]} 38. Rxe4 {[%clk 0:04:07]} Rd6
{[%clk 0:00:47]} 39. Re8 {[%clk 0:04:14]} Rf6 {[%clk 0:00:31]} 40. Rb8
{[%clk 0:04:20]} g5 {[%clk 0:00:24]} 41. Rb7+ {[%clk 0:04:28]} Kh8
{[%clk 0:00:26]} 42. fxg5 {[%clk 0:04:35]} hxg5 {[%clk 0:00:36]} 43. Kh3
{[%clk 0:04:43]} Rh6+ {[%clk 0:00:29]} 44. Kg4 {[%clk 0:04:51]} Rxh2
{[%clk 0:00:20]} 45. Rxb6 {[%clk 0:04:59]} Bg7 {[%clk 0:00:24]} 46. Re6
{[%clk 0:05:05]} Rb2 {[%clk 0:00:24]} 47. b6 {[%clk 0:05:13]} 1-0

[Event "Team Championship (men rapid)"]
[Site "Sochi"]
[Date "2017.10.03"]
[Round "1.20"]
[White "Zaichikov, Andrey"]
[Black "Iljiushenok, Ilia"]
[Result "0-1"]
[LiveChessVersion "1.4.8"]
[BlackElo "2594"]
[WhiteElo "2048"]

1. e4 {[%clk 0:15:15]} c5 {[%clk 0:15:18]} 2. Nf3 {[%clk 0:15:24]} e6
{[%clk 0:15:27]} 3. d3 {[%clk 0:15:32]} Nc6 {[%clk 0:15:25]} 4. g3
{[%clk 0:15:40]} Nf6 {[%clk 0:15:16]} 5. Bg2 {[%clk 0:15:39]} d5 {[%clk 0:15:11]}
6. Nbd2 {[%clk 0:15:30]} Be7 {[%clk 0:15:18]} 7. O-O {[%clk 0:15:31]} O-O
{[%clk 0:15:21]} 8. e5 {[%clk 0:14:47]} Nd7 {[%clk 0:15:28]} 9. Re1
{[%clk 0:14:55]} b5 {[%clk 0:15:08]} 10. Nf1 {[%clk 0:14:55]} a5 {[%clk 0:15:04]}
11. h4 {[%clk 0:14:52]} b4 {[%clk 0:15:10]} 12. Bf4 {[%clk 0:12:05]} a4
{[%clk 0:14:52]} 13. a3 {[%clk 0:12:13]} bxa3 {[%clk 0:14:16]} 14. bxa3
{[%clk 0:12:21]} Ba6 {[%clk 0:13:19]} 15. Ne3 {[%clk 0:09:24]} Nb6
{[%clk 0:05:54]} 16. h5 {[%clk 0:05:03]} Nd4 {[%clk 0:05:13]} 17. Qd2
{[%clk 0:03:33]} Rc8 {[%clk 0:03:15]} 18. Ng4 {[%clk 0:03:07]} Nd7
{[%clk 0:02:57]} 19. Be3 {[%clk 0:01:01]} Nxf3+ {[%clk 0:02:47]} 20. Bxf3
{[%clk 0:01:09]} c4 {[%clk 0:02:46]} 21. Bd4 {[%clk 0:00:39]} cxd3
{[%clk 0:02:40]} 22. cxd3 {[%clk 0:00:48]} Nc5 {[%clk 0:02:45]} 23. Bxc5
{[%clk 0:00:42]} Rxc5 {[%clk 0:02:54]} 24. h6 {[%clk 0:00:29]} g6
{[%clk 0:03:01]} 25. Kg2 {[%clk 0:00:30]} Qa5 {[%clk 0:01:26]} 26. Qxa5
{[%clk 0:00:20]} Rxa5 {[%clk 0:01:35]} 27. d4 {[%clk 0:00:22]} Bc4
{[%clk 0:01:17]} 28. Reb1 {[%clk 0:00:15]} Ra7 {[%clk 0:01:17]} 29. Rb6
{[%clk 0:00:21]} Rc8 {[%clk 0:01:08]} 30. Ne3 {[%clk 0:00:23]} Bb3
{[%clk 0:01:15]} 31. Bd1 {[%clk 0:00:25]} Bxd1 {[%clk 0:01:16]} 32. Nxd1
{[%clk 0:00:24]} Bg5 {[%clk 0:01:25]} 33. Rab1 {[%clk 0:00:26]} Bxh6
{[%clk 0:01:33]} 34. Rb8 {[%clk 0:00:33]} Rxb8 {[%clk 0:01:40]} 35. Rxb8+
{[%clk 0:00:42]} Bf8 {[%clk 0:01:48]} 36. Nc3 {[%clk 0:00:25]} Kg7
{[%clk 0:01:58]} 37. Nb5 {[%clk 0:00:23]} Ra6 {[%clk 0:02:07]} 38. Rb7
{[%clk 0:00:26]} Rc6 {[%clk 0:02:04]} 39. Ra7 {[%clk 0:00:25]} Rb6
{[%clk 0:02:10]} 40. Nc7 {[%clk 0:00:29]} Bxa3 {[%clk 0:01:54]} 41. Ne8+
{[%clk 0:00:36]} Kh6 {[%clk 0:00:33]} 42. Rxa4 {[%clk 0:00:44]} Rb8
{[%clk 0:00:35]} 43. Nf6 {[%clk 0:00:37]} Be7 {[%clk 0:00:43]} 44. Ng4+
{[%clk 0:00:14]} Kg7 {[%clk 0:00:49]} 45. Ra7 {[%clk 0:00:18]} Re8
{[%clk 0:00:57]} 46. f4 {[%clk 0:00:22]} h5 {[%clk 0:01:06]} 47. Nh2
{[%clk 0:00:19]} Kf8 {[%clk 0:01:11]} 48. Nf3 {[%clk 0:00:23]} Rb8
{[%clk 0:01:19]} 49. Kh3 {[%clk 0:00:16]} Rb3 {[%clk 0:01:27]} 50. Kg2
{[%clk 0:00:20]} Rb2+ {[%clk 0:01:26]} 51. Kh3 {[%clk 0:00:29]} Rf2
{[%clk 0:01:24]} 52. Nh4 {[%clk 0:00:20]} Bxh4 {[%clk 0:01:28]} 53. Kxh4
{[%clk 0:00:29]} Rd2 {[%clk 0:01:14]} 54. Kg5 {[%clk 0:00:27]} Kg7
{[%clk 0:01:24]} 55. Ra4 {[%clk 0:00:31]} Rg2 {[%clk 0:01:32]} 56. Kh4
{[%clk 0:00:36]} Rh2+ {[%clk 0:01:41]} 57. Kg5 {[%clk 0:00:43]} Rh3
{[%clk 0:01:50]} 58. Ra3 {[%clk 0:00:41]} h4 {[%clk 0:01:43]} 59. Ra7
{[%clk 0:00:42]} hxg3 {[%clk 0:01:45]} 60. Ra1 {[%clk 0:00:12]} g2
{[%clk 0:01:50]} 61. Rg1 {[%clk 0:00:17]} Rd3 {[%clk 0:01:57]} 62. Rxg2
{[%clk 0:00:20]} Rxd4 {[%clk 0:02:06]} 63. Rh2 {[%clk 0:00:12]} Ra4
{[%clk 0:02:12]} 64. Rd2 {[%clk 0:00:15]} Ra1 {[%clk 0:02:20]} 65. Rg2
{[%clk 0:00:20]} Rd1 {[%clk 0:02:26]} 66. Kg4 {[%clk 0:00:22]} f6
{[%clk 0:02:08]} 67. Ra2 {[%clk 0:00:18]} Rg1+ {[%clk 0:02:01]} 68. Kf3
{[%clk 0:00:22]} fxe5 {[%clk 0:02:08]} 69. fxe5 {[%clk 0:00:31]} Re1
{[%clk 0:02:16]} 70. Kf4 {[%clk 0:00:37]} Re4+ {[%clk 0:02:24]} 0-1

[Event "Team Championship (men rapid)"]
[Site "Sochi"]
[Date "2017.10.03"]
[Round "1.22"]
[White "Artemiev, Vladislav"]
[Black "Murzin, Volodar"]
[Result "1-0"]
[LiveChessVersion "1.4.8"]
[BlackElo "2336"]
[WhiteElo "2712"]

1. d4 {[%clk 0:12:26]} Nf6 {[%clk 0:15:18]} 2. c4 {[%clk 0:12:34]} g6
{[%clk 0:15:27]} 3. Nf3 {[%clk 0:12:39]} Bg7 {[%clk 0:15:35]} 4. g3
{[%clk 0:12:47]} c6 {[%clk 0:15:42]} 5. Bg2 {[%clk 0:12:54]} d5 {[%clk 0:15:43]}
6. Qb3 {[%clk 0:12:44]} O-O {[%clk 0:15:39]} 7. O-O {[%clk 0:12:50]} Qb6
{[%clk 0:15:40]} 8. Nc3 {[%clk 0:12:46]} Bf5 {[%clk 0:13:23]} 9. Qxb6
{[%clk 0:11:03]} axb6 {[%clk 0:13:31]} 10. cxd5 {[%clk 0:11:11]} Nxd5
{[%clk 0:12:14]} 11. Nxd5 {[%clk 0:11:17]} cxd5 {[%clk 0:12:22]} 12. Bd2
{[%clk 0:11:00]} Nc6 {[%clk 0:10:17]} 13. e3 {[%clk 0:11:09]} Be4
{[%clk 0:08:05]} 14. Rfc1 {[%clk 0:10:58]} Rfc8 {[%clk 0:08:00]} 15. Ne1
{[%clk 0:10:44]} Bxg2 {[%clk 0:06:08]} 16. Kxg2 {[%clk 0:10:52]} e6
{[%clk 0:03:47]} 17. Nd3 {[%clk 0:10:51]} e5 {[%clk 0:01:23]} 18. dxe5
{[%clk 0:10:57]} Nxe5 {[%clk 0:01:32]} 19. Nb4 {[%clk 0:09:56]} Rxc1
{[%clk 0:01:40]} 20. Rxc1 {[%clk 0:10:05]} Nc4 {[%clk 0:01:45]} 21. Rc2
{[%clk 0:09:03]} b5 {[%clk 0:01:41]} 22. Bc1 {[%clk 0:08:47]} Bf8
{[%clk 0:01:32]} 23. Nxd5 {[%clk 0:08:50]} Rxa2 {[%clk 0:01:39]} 24. Nc3
{[%clk 0:08:29]} Ra5 {[%clk 0:01:45]} 25. b3 {[%clk 0:08:07]} Na3
{[%clk 0:01:31]} 26. Rd2 {[%clk 0:08:06]} Ra8 {[%clk 0:01:34]} 27. Rd7
{[%clk 0:07:21]} Bg7 {[%clk 0:01:21]} 28. Nd5 {[%clk 0:07:18]} Nb1
{[%clk 0:01:25]} 29. Rxb7 {[%clk 0:07:17]} Kf8 {[%clk 0:01:02]} 30. Rxb5
{[%clk 0:06:50]} Rc8 {[%clk 0:01:05]} 31. e4 {[%clk 0:06:57]} f5 {[%clk 0:01:00]}
32. Bf4 {[%clk 0:06:06]} Nc3 {[%clk 0:00:52]} 33. Nxc3 {[%clk 0:06:06]} Rxc3
{[%clk 0:00:54]} 34. Rb8+ {[%clk 0:06:15]} 1-0

[Event "Team Championship (men rapid)"]
[Site "Sochi"]
[Date "2017.10.03"]
[Round "1.23"]
[White "Poliakov, Artem"]
[Black "Timofeev, Artyom"]
[Result "1/2-1/2"]
[LiveChessVersion "1.4.8"]
[BlackElo "2608"]
[WhiteElo "2085"]

1. c4 {[%clk 0:15:18]} e6 {[%clk 0:15:18]} 2. Nc3 {[%clk 0:15:25]} d5
{[%clk 0:15:26]} 3. d4 {[%clk 0:15:34]} c6 {[%clk 0:15:33]} 4. cxd5
{[%clk 0:15:40]} exd5 {[%clk 0:15:40]} 5. Bf4 {[%clk 0:15:47]} Bf5
{[%clk 0:15:45]} 6. e3 {[%clk 0:15:55]} Bd6 {[%clk 0:15:07]} 7. Bd3
{[%clk 0:15:45]} Bxd3 {[%clk 0:15:11]} 8. Qxd3 {[%clk 0:15:53]} Bxf4
{[%clk 0:15:17]} 9. exf4 {[%clk 0:16:02]} Ne7 {[%clk 0:15:01]} 10. Nf3
{[%clk 0:15:50]} O-O {[%clk 0:15:07]} 11. O-O {[%clk 0:16:07]} Nd7
{[%clk 0:14:48]} 12. Rfe1 {[%clk 0:16:06]} Re8 {[%clk 0:14:45]} 13. g3
{[%clk 0:16:00]} a5 {[%clk 0:14:28]} 14. Re3 {[%clk 0:15:52]} Nc8
{[%clk 0:14:15]} 15. Rae1 {[%clk 0:15:40]} Nd6 {[%clk 0:14:20]} 16. b3
{[%clk 0:14:43]} Nf6 {[%clk 0:14:08]} 17. Ne5 {[%clk 0:14:05]} Nfe4
{[%clk 0:13:58]} 18. f3 {[%clk 0:14:04]} Nxc3 {[%clk 0:14:01]} 19. Qxc3
{[%clk 0:14:12]} f6 {[%clk 0:13:40]} 20. Nd3 {[%clk 0:13:09]} Rxe3
{[%clk 0:13:44]} 21. Rxe3 {[%clk 0:13:18]} Nf5 {[%clk 0:13:52]} 22. Re1
{[%clk 0:12:45]} Qb6 {[%clk 0:13:58]} 23. Qc5 {[%clk 0:11:59]} Qxc5
{[%clk 0:14:06]} 24. dxc5 {[%clk 0:12:03]} Kf7 {[%clk 0:14:13]} 25. Kf2
{[%clk 0:11:22]} a4 {[%clk 0:14:20]} 26. b4 {[%clk 0:11:16]} a3 {[%clk 0:14:28]}
27. Rb1 {[%clk 0:10:51]} Nd4 {[%clk 0:14:19]} 28. Ke3 {[%clk 0:10:00]} Nb5
{[%clk 0:14:24]} 29. Ne1 {[%clk 0:09:56]} h5 {[%clk 0:09:11]} 30. Kd3
{[%clk 0:09:52]} g5 {[%clk 0:07:04]} 31. fxg5 {[%clk 0:08:47]} fxg5
{[%clk 0:07:12]} 32. Nc2 {[%clk 0:08:52]} Kf6 {[%clk 0:06:49]} 33. f4
{[%clk 0:07:21]} Re8 {[%clk 0:06:15]} 34. Rf1 {[%clk 0:06:35]} g4
{[%clk 0:06:02]} 35. Re1 {[%clk 0:06:27]} Rh8 1/2-1/2

[Event "Team Championship (men rapid)"]
[Site "Sochi"]
[Date "2017.10.03"]
[Round "1.24"]
[White "Hasangatin, Ramil"]
[Black "Maltsevskaya, Aleksandra"]
[Result "1-0"]
[LiveChessVersion "1.4.8"]
[BlackElo "2229"]
[WhiteElo "2499"]

1. d4 {[%clk 0:15:16]} Nf6 {[%clk 0:15:18]} 2. Nf3 {[%clk 0:15:25]} g6
{[%clk 0:15:26]} 3. Nc3 {[%clk 0:15:33]} d5 {[%clk 0:15:28]} 4. Bf4
{[%clk 0:15:42]} Bg7 {[%clk 0:15:37]} 5. Nb5 {[%clk 0:15:50]} Na6
{[%clk 0:15:42]} 6. e3 {[%clk 0:15:58]} O-O {[%clk 0:15:41]} 7. h3
{[%clk 0:16:06]} c6 {[%clk 0:15:34]} 8. Nc3 {[%clk 0:16:11]} Nc7 {[%clk 0:14:47]}
9. Be2 {[%clk 0:16:09]} Nce8 {[%clk 0:14:14]} 10. O-O {[%clk 0:15:55]} Nd6
{[%clk 0:14:20]} 11. Re1 {[%clk 0:15:31]} Nfe4 {[%clk 0:14:04]} 12. Nxe4
{[%clk 0:15:25]} Nxe4 {[%clk 0:14:11]} 13. c4 {[%clk 0:14:56]} Qb6
{[%clk 0:13:46]} 14. Qc2 {[%clk 0:14:13]} Bd7 {[%clk 0:12:38]} 15. Bd3
{[%clk 0:13:44]} Nf6 {[%clk 0:11:50]} 16. c5 {[%clk 0:13:33]} Qd8
{[%clk 0:11:46]} 17. b4 {[%clk 0:13:42]} b5 {[%clk 0:11:23]} 18. a4
{[%clk 0:12:41]} a6 {[%clk 0:11:27]} 19. Ne5 {[%clk 0:12:47]} Qc8
{[%clk 0:10:17]} 20. Ra3 {[%clk 0:12:20]} Qb7 {[%clk 0:07:32]} 21. Rea1
{[%clk 0:12:27]} a5 {[%clk 0:05:33]} 22. bxa5 {[%clk 0:10:50]} b4
{[%clk 0:05:02]} 23. a6 {[%clk 0:10:42]} Rxa6 {[%clk 0:04:44]} 24. Bxa6
{[%clk 0:10:48]} Qxa6 {[%clk 0:04:52]} 25. Rb3 {[%clk 0:10:37]} Bf5
{[%clk 0:03:13]} 26. Qb2 {[%clk 0:10:43]} Nd7 {[%clk 0:02:04]} 27. Nxd7
{[%clk 0:10:25]} Bxd7 {[%clk 0:02:12]} 28. Rxb4 {[%clk 0:10:34]} f6
{[%clk 0:02:04]} 29. Rb7 {[%clk 0:08:43]} Rd8 {[%clk 0:02:00]} 30. Qb6
{[%clk 0:08:26]} Qa8 {[%clk 0:01:53]} 31. Rb8 {[%clk 0:08:07]} 1-0

[Event "Team Championship (men rapid)"]
[Site "Sochi"]
[Date "2017.10.03"]
[Round "1.25"]
[White "Alekseenko, Kirill"]
[Black "Zakaryan, David"]
[Result "1-0"]
[LiveChessVersion "1.4.8"]
[BlackElo "2343"]
[WhiteElo "2583"]

1. d4 {[%clk 0:15:16]} Nf6 {[%clk 0:15:15]} 2. Nc3 {[%clk 0:15:24]} d5
{[%clk 0:15:22]} 3. Bf4 {[%clk 0:15:33]} a6 {[%clk 0:15:28]} 4. e3
{[%clk 0:15:42]} e6 {[%clk 0:15:33]} 5. g4 {[%clk 0:15:49]} c5 {[%clk 0:15:32]}
6. g5 {[%clk 0:15:50]} Nfd7 {[%clk 0:15:40]} 7. Nf3 {[%clk 0:15:55]} Nc6
{[%clk 0:15:48]} 8. h4 {[%clk 0:15:57]} cxd4 {[%clk 0:15:31]} 9. exd4
{[%clk 0:16:06]} Qb6 {[%clk 0:15:34]} 10. Rb1 {[%clk 0:15:37]} g6
{[%clk 0:15:17]} 11. h5 {[%clk 0:12:44]} Bg7 {[%clk 0:15:25]} 12. Be3
{[%clk 0:12:53]} Qa5 {[%clk 0:14:13]} 13. Bh3 {[%clk 0:10:51]} O-O
{[%clk 0:13:39]} 14. hxg6 {[%clk 0:10:48]} hxg6 {[%clk 0:13:47]} 15. Kf1
{[%clk 0:09:43]} Nb6 {[%clk 0:13:16]} 16. Kg2 {[%clk 0:08:48]} Nc4
{[%clk 0:12:50]} 17. Bf4 {[%clk 0:07:07]} Nxb2 {[%clk 0:11:20]} 18. Rxb2
{[%clk 0:07:16]} Qxc3 {[%clk 0:11:28]} 19. Rb3 {[%clk 0:07:25]} Qc4
{[%clk 0:11:36]} 20. Bd6 {[%clk 0:06:57]} Rd8 {[%clk 0:09:17]} 21. Bc5
{[%clk 0:07:06]} e5 {[%clk 0:08:41]} 22. Nd2 {[%clk 0:07:15]} Qa4
{[%clk 0:08:37]} 23. Ra3 {[%clk 0:05:32]} Qb5 {[%clk 0:08:44]} 24. Rb3
{[%clk 0:05:41]} Qa4 {[%clk 0:08:52]} 25. Qg1 {[%clk 0:05:44]} Bxh3+
{[%clk 0:07:58]} 26. Rbxh3 {[%clk 0:05:51]} f5 {[%clk 0:06:13]} 27. gxf6
{[%clk 0:06:00]} Qxc2 {[%clk 0:05:36]} 28. Rf3 {[%clk 0:05:58]} Bxf6
{[%clk 0:04:49]} 29. Qh2 {[%clk 0:04:43]} Kf7 {[%clk 0:02:21]} 30. dxe5
{[%clk 0:04:52]} Rh8 {[%clk 0:01:47]} 31. Rxf6+ {[%clk 0:04:53]} Kg7
{[%clk 0:01:52]} 32. Qf4 {[%clk 0:04:58]} Rxh1 {[%clk 0:01:55]} 33. Kxh1
{[%clk 0:04:32]} Qxc5 {[%clk 0:01:07]} 34. Rf7+ {[%clk 0:04:26]} Kg8
{[%clk 0:01:15]} 35. Qf6 1-0

[Event "Team Championship (men rapid)"]
[Site "Sochi"]
[Date "2017.10.03"]
[Round "1.26"]
[White "Chekletsov, Ilya"]
[Black "Levin, Evgeny A."]
[Result "1/2-1/2"]
[LiveChessVersion "1.4.8"]
[BlackElo "2544"]
[WhiteElo "2250"]

1. d4 {[%clk 0:15:17]} Nf6 {[%clk 0:15:14]} 2. c4 {[%clk 0:15:26]} e6
{[%clk 0:15:22]} 3. g3 {[%clk 0:15:32]} c5 {[%clk 0:15:30]} 4. d5
{[%clk 0:15:41]} exd5 {[%clk 0:15:39]} 5. cxd5 {[%clk 0:15:50]} d6
{[%clk 0:15:47]} 6. Nc3 {[%clk 0:15:59]} g6 {[%clk 0:15:56]} 7. Bg2
{[%clk 0:16:04]} Bg7 {[%clk 0:16:04]} 8. Nf3 {[%clk 0:16:12]} O-O
{[%clk 0:16:12]} 9. O-O {[%clk 0:16:19]} Re8 {[%clk 0:16:20]} 10. a4
{[%clk 0:16:19]} a6 {[%clk 0:16:18]} 11. Bf4 {[%clk 0:16:20]} h6 {[%clk 0:16:23]}
12. Qc1 {[%clk 0:15:41]} g5 {[%clk 0:16:29]} 13. Bd2 {[%clk 0:15:42]} Bf5
{[%clk 0:16:13]} 14. h4 {[%clk 0:15:45]} g4 {[%clk 0:16:17]} 15. Nh2
{[%clk 0:15:48]} h5 {[%clk 0:16:09]} 16. Re1 {[%clk 0:15:55]} Nbd7
{[%clk 0:16:14]} 17. Nf1 {[%clk 0:15:51]} Ne5 {[%clk 0:16:14]} 18. Bf4
{[%clk 0:14:33]} Bg6 {[%clk 0:15:44]} 19. Ne3 {[%clk 0:14:36]} Rc8
{[%clk 0:14:42]} 20. Bxe5 {[%clk 0:14:11]} Rxe5 {[%clk 0:14:49]} 21. Nc4
{[%clk 0:14:19]} Re8 {[%clk 0:13:42]} 22. Qf4 {[%clk 0:13:24]} Bf8
{[%clk 0:13:42]} 23. e4 {[%clk 0:13:25]} Kh7 {[%clk 0:12:15]} 24. e5
{[%clk 0:08:38]} dxe5 {[%clk 0:12:22]} 25. Rxe5 {[%clk 0:08:47]} Bh6
{[%clk 0:11:05]} 26. Rxe8 {[%clk 0:08:55]} Nxe8 {[%clk 0:11:11]} 27. Qe5
{[%clk 0:09:03]} Bg7 {[%clk 0:11:11]} 28. Qf4 {[%clk 0:08:27]} Bh6
{[%clk 0:11:10]} 29. Qe5 {[%clk 0:08:36]} Bg7 {[%clk 0:11:19]} 30. Qf4
{[%clk 0:08:45]} Bh6 {[%clk 0:08:29]} 31. Qe5 {[%clk 0:08:53]} Bg7
{[%clk 0:08:38]} 32. Qf4 {[%clk 0:09:02]} 1/2-1/2

[Event "Team Championship (men rapid)"]
[Site "Sochi"]
[Date "2017.10.03"]
[Round "1.27"]
[White "Usmanov, Vasily"]
[Black "Babikov, Ivan"]
[Result "1-0"]
[LiveChessVersion "1.4.8"]
[BlackElo "2267"]
[WhiteElo "2476"]

1. d4 {[%clk 0:14:29]} Nf6 {[%clk 0:14:41]} 2. c4 {[%clk 0:14:35]} e6
{[%clk 0:14:49]} 3. Nc3 {[%clk 0:14:42]} d5 {[%clk 0:14:48]} 4. Bg5
{[%clk 0:14:33]} Nbd7 {[%clk 0:14:54]} 5. e3 {[%clk 0:14:37]} c6 {[%clk 0:14:11]}
6. Nf3 {[%clk 0:14:28]} Qa5 {[%clk 0:14:16]} 7. Nd2 {[%clk 0:12:54]} Bb4
{[%clk 0:13:58]} 8. Qc2 {[%clk 0:12:41]} O-O {[%clk 0:13:46]} 9. a3
{[%clk 0:11:31]} dxc4 {[%clk 0:13:17]} 10. Bxf6 {[%clk 0:11:27]} Nxf6
{[%clk 0:13:19]} 11. Nxc4 {[%clk 0:11:34]} Bxc3+ {[%clk 0:13:10]} 12. bxc3
{[%clk 0:11:42]} Qc7 {[%clk 0:10:41]} 13. Bd3 {[%clk 0:10:44]} c5
{[%clk 0:10:37]} 14. O-O {[%clk 0:09:58]} b5 {[%clk 0:10:12]} 15. Ne5
{[%clk 0:09:36]} c4 {[%clk 0:10:18]} 16. Be2 {[%clk 0:08:41]} Bb7
{[%clk 0:10:25]} 17. a4 {[%clk 0:08:41]} a6 {[%clk 0:10:22]} 18. Qb2
{[%clk 0:08:29]} Nd7 {[%clk 0:09:13]} 19. f4 {[%clk 0:05:24]} f6 {[%clk 0:08:46]}
20. Nf3 {[%clk 0:04:31]} Bc6 {[%clk 0:08:18]} 21. Nd2 {[%clk 0:04:20]} Nb6
{[%clk 0:07:41]} 22. axb5 {[%clk 0:04:25]} axb5 {[%clk 0:07:47]} 23. Bf3
{[%clk 0:04:15]} Bxf3 {[%clk 0:06:27]} 24. Nxf3 {[%clk 0:03:17]} Nd5
{[%clk 0:05:54]} 25. e4 {[%clk 0:02:44]} Nxf4 {[%clk 0:05:57]} 26. g3
{[%clk 0:02:21]} Nd3 {[%clk 0:03:55]} 27. Qxb5 {[%clk 0:02:29]} Rab8
{[%clk 0:03:52]} 28. Qa6 {[%clk 0:01:45]} Rb6 {[%clk 0:03:53]} 29. Qa5
{[%clk 0:01:50]} Qb7 {[%clk 0:03:34]} 30. Nd2 {[%clk 0:01:38]} Rc8
{[%clk 0:02:19]} 31. Rfb1 {[%clk 0:01:45]} Rb2 {[%clk 0:01:46]} 32. Rxb2
{[%clk 0:01:41]} Qxb2 {[%clk 0:01:49]} 33. Qa6 {[%clk 0:01:45]} Re8
{[%clk 0:01:04]} 34. Ra2 {[%clk 0:01:45]} Qc1+ {[%clk 0:00:37]} 35. Kg2
{[%clk 0:01:51]} Qxc3 {[%clk 0:00:31]} 36. Qc6 {[%clk 0:01:34]} Kf7
{[%clk 0:00:14]} 37. Nxc4 {[%clk 0:01:16]} Ne1+ {[%clk 0:00:21]} 38. Kh3
{[%clk 0:00:58]} Qf3 {[%clk 0:00:14]} 39. Nd6+ {[%clk 0:01:02]} Kg6
{[%clk 0:00:23]} 40. Qxe8+ {[%clk 0:01:09]} Kh6 {[%clk 0:00:27]} 41. Nf7+
{[%clk 0:01:16]} 1-0

[Event "Team Championship (men rapid)"]
[Site "Sochi"]
[Date "2017.10.03"]
[Round "1.28"]
[White "Chekletsov, Egor"]
[Black "Palchun, Grigory"]
[Result "0-1"]
[LiveChessVersion "1.4.8"]
[BlackElo "2309"]
[WhiteElo "2038"]

1. d4 {[%clk 0:15:18]} Nf6 {[%clk 0:15:19]} 2. c4 {[%clk 0:15:27]} e6
{[%clk 0:15:28]} 3. Nf3 {[%clk 0:15:35]} b6 {[%clk 0:15:35]} 4. a3
{[%clk 0:15:44]} Bb7 {[%clk 0:15:42]} 5. Nc3 {[%clk 0:15:52]} d5 {[%clk 0:15:51]}
6. cxd5 {[%clk 0:16:00]} Nxd5 {[%clk 0:15:59]} 7. Qc2 {[%clk 0:16:09]} Be7
{[%clk 0:12:32]} 8. e4 {[%clk 0:16:16]} Nxc3 {[%clk 0:12:40]} 9. bxc3
{[%clk 0:16:24]} O-O {[%clk 0:12:47]} 10. Bd3 {[%clk 0:16:29]} c5
{[%clk 0:12:48]} 11. O-O {[%clk 0:16:17]} Nc6 {[%clk 0:12:44]} 12. Be3
{[%clk 0:15:28]} cxd4 {[%clk 0:12:10]} 13. cxd4 {[%clk 0:15:35]} Rc8
{[%clk 0:12:12]} 14. Qe2 {[%clk 0:15:31]} Na5 {[%clk 0:12:00]} 15. a4
{[%clk 0:14:55]} Qd6 {[%clk 0:10:09]} 16. Rab1 {[%clk 0:09:58]} Rc7
{[%clk 0:08:06]} 17. g3 {[%clk 0:08:58]} Qd7 {[%clk 0:07:59]} 18. Bb5
{[%clk 0:08:20]} Qc8 {[%clk 0:08:05]} 19. Bd3 {[%clk 0:06:45]} Qa8
{[%clk 0:07:09]} 20. Nd2 {[%clk 0:04:19]} Rc3 {[%clk 0:07:10]} 21. f3
{[%clk 0:03:51]} Rfc8 {[%clk 0:06:42]} 22. Rfd1 {[%clk 0:01:11]} Nc6
{[%clk 0:06:20]} 23. Kg2 {[%clk 0:00:36]} Nb4 {[%clk 0:06:08]} 24. Bb5
{[%clk 0:00:25]} Rc2 {[%clk 0:05:19]} 25. Bd3 {[%clk 0:00:32]} Nxd3
{[%clk 0:04:49]} 26. Qxd3 {[%clk 0:00:41]} R8c3 {[%clk 0:04:32]} 27. Qe2
{[%clk 0:00:49]} Qc8 {[%clk 0:04:28]} 28. Kg1 {[%clk 0:00:33]} Ra3
{[%clk 0:04:08]} 29. Ra1 {[%clk 0:00:34]} Rxa1 {[%clk 0:04:01]} 30. Rxa1
{[%clk 0:00:43]} Qc3 {[%clk 0:04:03]} 31. Rb1 {[%clk 0:00:40]} Ba6
{[%clk 0:03:53]} 32. Qe1 {[%clk 0:00:41]} Bb4 {[%clk 0:02:58]} 33. Rd1
{[%clk 0:00:21]} h6 {[%clk 0:02:24]} 34. h4 {[%clk 0:00:26]} Bc4 {[%clk 0:02:10]}
35. Kh2 {[%clk 0:00:18]} Bb3 {[%clk 0:02:07]} 36. Kh3 {[%clk 0:00:28]} Bxa4
{[%clk 0:01:41]} 37. Ra1 {[%clk 0:00:22]} b5 {[%clk 0:01:37]} 38. Rd1
{[%clk 0:00:18]} Rb2 {[%clk 0:01:34]} 0-1